Resum d'història del catalanisme / Antoni Rovira i Virgili ; edició a cura d'Anna Sallés
Descripción Física:
XXX, 133 p. ; 20 cm
Otros Autores:
Sallés, Anna, ed
Materias:
Nacionalisme -- Catalunya -- Història
MARC
| LEADER | 00000nam a2200000Ia 4500 | ||
|---|---|---|---|
| 001 | 1242 | ||
| 008 | 160829s1983 xx 000 0 cat d | ||
| 080 | |a H-1-201 | ||
| 100 | 1 | |a Rovira i Virgili, Antoni, |d 1882-1949 |9 25588 | |
| 245 | |a Resum d'història del catalanisme / Antoni Rovira i Virgili ; edició a cura d'Anna Sallés | ||
| 250 | |a 2a ed. | ||
| 260 | |a Barcelona : |b La Magrana : |b Diputació de Barcelona, |c 1983 | ||
| 300 | |a XXX, 133 p. ; |c 20 cm | ||
| 490 | |a Biblioteca dels clàssics del nacionalisme català ; 1 | ||
| 650 | |a Nacionalisme |x Catalunya |x Història |9 36859 | ||
| 700 | |a Sallés, Anna, ed. |9 36860 | ||
| 710 | 1 | |a Barcelona (Catalunya : Província). |b Diputació |9 52408 | |
| 901 | |a Arxiu | ||
| 942 | |n 1 | ||
| 952 | |0 0 |1 0 |4 0 |6 H1201 |7 1 |9 47545 |a Arxiu |b Arxiu |d 2016-12-01 |l 0 |o H-1-201 |p 1242 |r 2016-12-01 00:00:00 |w 2016-12-01 |y ARXIU | ||
| 999 | |c 51344 |d 51344 | ||